000 00411nam a22001697a 4500
003 MPLRDC
005 20220104143359.0
008 210129b ||||| |||| 00| 0 eng d
082 _a859.4 HXS v.3
100 _a不详
245 _a伊索寓言
_c
260 _a
_b人民书局有限公司
_c
300 _b
490 _a好学生优良读物. 世界童话集
650 _a
942 _cBK
_o859.4 HXS v.3
999 _c39331
_d39321